Mediterranean Cities - Sudden Death - Statistics

General Stats
  • This quiz has been taken 282 times
    263 since last reset
  • The average score is 13 of 49
Answers on the Grid
Answers color-coded by a green-red scale on the quiz's grid according to % correct below.
Beirut
Milan
Tangier
Valencia
Palermo
Athens
Marrakesh
Bari
Marseille
Tripoli
Vienna
Turin
Haifa
Sfax
Benghazi
Casablanca
Málaga
Catania
Porto
Barcelona
Budapest
Antalya
Córdoba
Riyadh
Khartoum
Agadir
Tartus
Baghdad
Oran
Jeddah
Ronda
Cairo
Algiers
Tunis
Florence
Zaragoza
İzmir
Salzburg
Genoa
Nice
Tel Aviv
Alexandria
Mersin
Lausanne
Madrid
Stuttgart
Venice
Dubrovnik
Annecy
Limassol
Sarajevo
Bologna
Skopje
Toulon
Bursa
Seville
Heraklion
Geneva
Valletta
Juba
Naples
Podgorica
Byblos
Asmara
Graz
Bratislava
Addis Ababa
Cagliari
Lisbon
Nantes
Koper
Rome
Larnaca
Ashdod
Toulouse
Sofia
Zagreb
Jerusalem
Konya
Trieste
Cannes
Amman
Volos
Misrata
Lyon
Gaza
Damascus
Munich
Alanya
Verona
Mostar
Pescara
Thessaloniki
Latakia
Bilbao
Tirana
Paphos
Ajaccio
Belgrade
Zadar
 
Answer Stats
Answer % Correct
Beirut
71%
Athens
66%
Valencia
66%
Marseille
60%
Palermo
58%
Tripoli
51%
Bari
47%
Barcelona
45%
Haifa
38%
Antalya
37%
Málaga
37%
Tunis
36%
Catania
35%
Nice
35%
Algiers
33%
Genoa
30%
Oran
30%
Alexandria
29%
Benghazi
29%
Dubrovnik
29%
Tel Aviv
28%
Tangier
27%
İzmir
26%
Naples
25%
Venice
25%
Heraklion
24%
Limassol
23%
Sfax
23%
Cannes
22%
Thessaloniki
21%
Valletta
19%
Cagliari
16%
Gaza
15%
Paphos
14%
Toulon
14%
Ajaccio
12%
Trieste
12%
Zadar
11%
Larnaca
10%
Mersin
9%
Alanya
6%
Pescara
6%
Tartus
6%
Ashdod
5%
Byblos
5%
Latakia
5%
Koper
4%
Misrata
4%
Volos
4%
No matching quizzes found
Score Distribution
Percent of People with Each Score
Percentile by Number Answered
Your Score History
You have not taken this quiz since the last reset